02299cam a22004215i 45000010009000000050017000090080041000260100017000670200018000840350024001020400008001260410013001340420014001471000034001612450158001952460010003532460044003632460064004072600078004713000046005494900043005954900020006385050165006585050207008235200385010306500044014156500035014596500032014946500027015266550025015536550034015786550036016126550047016487000057016959420008017529520102017609990015018622393892320250523065220.0241203t20192019enka e 000 j dut  a 2024403334 a9781529302868 a(OCoLC)on1137298372 ctbs0 adutaeng alccopycat aRichards, Ollyeauthor91240310aShort stories in Dutchb: read for pleasure at your level and learn Dutch the fun way!c/ Olly Richards ; translated by Rosemary Mitchell-Schuitevoerder.30aDutch34aShort stories in Dutch :bfor beginners30aRead for pleasure at your level and learn Dutch the fun way aLondon :bJohn Murray Learning, an imprint of Hodder & Stroughton,c2019. axiv, 224 pages :billustrations ;c20 cm. aForeign language graded reader series. aTeach yourself.0 aDe gekke loempia — Een heel bijzondere excursie — De ridder — Het horloge — De kist — Onbekend terrein — Laura, de onzichtbare vrouw — De capsule.0 aMapped to A2-B1 on the Common European Framework of Reference — A glossary for bolded words in each text — A bilingual word list — Full plot summary — Comprehension questions after each chapter. aA collection of eight short stories for adult learners of Dutch as a foreign language, written for students from beginner to intermediate level, designed to give a sense of achievement, and most importantly - enjoyment! Includes 1000 most frequent words, authentic spoken dialogues, conversational expressions, comprehension questions and glossary of Dutch to English translation. 0aDutch languagevSelf-instruction925305 0aDutch languagevReaders925306 0aShort stories, Dutch925307 0aReaders (Adult)925300 0aShort stories922375 0aReaders (Publications)925108 0aSelf-instructional works925331 0aInstructional and educational works923270 aMitchell-Schuitevoerder, Rosemaryetranslator925308 2lcc 00102lcc4070aTBSbTBSd2025-05-22l0oREADER-NL RICpB05871r2026-03-23t1w2025-05-22yDUTCH c4695d4695